Multiple Choice- Edición KPOP - Estadísticas

Estadísticas generales
  • Esta prueba ha sido intentada 299 veces
  • La puntuación promedio es 11 de 15
Estadísticas de respuestas
Pregunta Respuesta % Correcto
¿Cuál de las siguientes idols pertenece al grupo Twice? Chaeyoung
97%
¿Cuál de los siguientes idols no nació en Corea del Sur? Ninguno ha nacido en Corea del Sur
92%
¿Cuál de los siguientes idols pertenece al grupo TXT? Todos pertenecen a TXT
89%
¿Cuál de los siguientes grupos tiene más miembros? NCT
87%
¿A qué grupo pertenecen las siguientes canciones? "After Like", "Eleven", "Love Dive", "My Satisfaction". IVE
85%
¿Cómo se llama la canción con la que debutó el grupo BTS? No More Dream
83%
¿Cuál de los siguientes grupos NO pertenece a la tercera generación de Kpop? Ateez
76%
¿Cómo se llaman los siete integrantes de BTS? Namjoon, Seokjin, Yoongi, Hoseok, Jimin, Taehyung, Jungkook
67%
¿Cuál de los siguientes es el nombre correcto de la canción de Taeyang de BIGBANG? Eyes, Nose, Lips
66%
¿Cuál de los siguientes grupos de la cuarta generación fue el primero en debutar? Stray Kids
63%
¿Cuál es el verdadero nombre de la cantante IU? Lee Ji-eun
61%
Continúa la letra de la canción: Super Shy- New Jeans "I'm super shy, super shy, but... Wait a minute while I make you mine
61%
¿Cuál de las siguientes canciones NO es del grupo EXO? If You Do
55%
¿Cuál es el solo de las integrantes de BLACKPINK que tiene más vistas en YouTube actualmente? Solo- Jennie
51%
Continúa la letra de la canción: SEVEN- Jungkook "You wrap around me and..." You give me life
43%
No se encontraron pruebas coincidentes
Distribución de puntuación
Porcentaje de gente con cada puntuación
Porcentaje por número respondido
Historial de tus puntuaciones
No has intentado esta prueba.